Niño y televisión: hacia una educación al medio

Guardado en:
Detalles Bibliográficos
Autores principales: Paredes, Jorge (autor), Colle, Raymond (Autor), Avendaño, Claudio (Autor)
Formato: Libro
Lenguaje:español
Publicado: Santiago Universidad Católica de Chile 1970
Materias:
Etiquetas: Agregar Etiqueta
Sin Etiquetas, Sea el primero en etiquetar este registro!

MARC

LEADER 00000nam a2200000 a 4500
001 UCY8489
003 CL-VaPUC
008 950703e19700000CL |||||||||||||||||spa|d
082 0 4 |a 371.335  |b PAR  |2 21 
100 |a Paredes, Jorge  |e autor  |9 339906 
700 0 |a Colle, Raymond  |e author  |9 339907 
700 0 |a Avendaño, Claudio  |e author  |9 339908 
245 1 0 |a Niño y televisión: hacia una educación al medio 
300 |a 133 p 
942 |c BK 
945 |d 19950703 00:00:00  |a mfernand 
260 |a Santiago  |b Universidad Católica de Chile  |c 1970 
650 7 |a TELEVISION EDUCATIVA  |2 CL-VaPUC  |9 310717 
650 7 |a AYUDAS PARA LA ENSEÑANZA  |2 CL-VaPUC  |9 339750 
650 0 |a Tecnología educacional  |9 307265 
650 7 |a MATERIAL AUDIOVISUAL  |2 CL-VaPUC  |9 308466 
650 0 |a Niños  |9 255605 
583 |a last modification  |c 20170829 12:23:38  |k Rodrigo Vera 
999 |c 235727  |d 235725 
952 |0 0  |1 0  |4 0  |6 371_335000000000000_PAR_1970  |7 0  |8 P  |9 243328  |a BIBEDU  |b BIBEDU  |c BIBEDU_PB  |d 2019-11-18  |i 1528335  |o 371.335 PAR 1970  |p 1528335  |r 2024-01-25  |w 2019-11-18  |y BK  |k EDU